Use of PCR for direct detection of campylobacter species in bovine feces /
Saved in:
| Main Author: | |
|---|---|
| Other Authors: | |
| Format: | Article |
| Language: | English |
| Subjects: | |
| Tags: |
Add Tag
No Tags, Be the first to tag this record!
|
| Institutions: | Thư viện Trường Đại học Đà Lạt |
|---|
| LEADER | 00811nam a2200265 4500 | ||
|---|---|---|---|
| 001 | DLU090092479 | ||
| 005 | ##20091201 | ||
| 040 | # | # | |a DLU |b eng |
| 041 | # | # | |a eng |
| 044 | # | # | |a us |
| 100 | # | # | |a Inglis, G. Douglas. |
| 245 | # | # | |a Use of PCR for direct detection of campylobacter species in bovine feces / |c G. Douglas Inglis, Lisa D. Kalischuk. |
| 653 | # | # | |a Campylobacter |
| 653 | # | # | |a Feces |
| 700 | # | # | |a Kalischuk. Lisa D. |
| 773 | # | # | |t Applied and Environmental Microbiology |g Vol. 69, no. 6 (June 2003), p. 3435-3447 |
| 920 | # | # | |a Phòng Tạp chí -- Trung tâm Thông tin - Thư viện Trường Đại học Đà Lạt |
| 994 | # | # | |a DLU |
| 900 | # | # | |a True |
| 911 | # | # | |a Trương Bảo Trâm Anh |
| 925 | # | # | |a G |
| 926 | # | # | |a A |
| 927 | # | # | |a BB |
| 980 | # | # | |a Thư viện Trường Đại học Đà Lạt |